Central Library OPAC University of Rajshahi

A treatise on physical chemistry, (Record no. 10059)

MARC details
000 -LEADER
fixed length control field 00859cam a22002651 4500
001 - CONTROL NUMBER
control field 10059
003 - CONTROL NUMBER IDENTIFIER
rucl marc code BD-RjUL
005 - DATE AND TIME OF LATEST TRANSACTION
control field 20211208234903.0
008 - FIXED-LENGTH DATA ELEMENTS--GENERAL INFORMATION
fixed length control field 140122r19521931xx 000 0 eng
035 ## - SYSTEM CONTROL NUMBER
System control number (BD-RjUL)
System control number (OCoLC)687827
040 ## - CATALOGING SOURCE
Original cataloging agency DLC
Transcribing agency OKentU
Modifying agency DLC
-- BD-RjUL
Language of cataloging eng
041 ## - LANGUAGE CODE
Language code of text/sound track or separate title eng
082 ## - DEWEY DECIMAL CLASSIFICATION NUMBER
Classification number 541
Author mark and year TRE
100 1# - MAIN ENTRY--PERSONAL NAME
Personal name Taylor, Hugh S.
Fuller form of name (Hugh Stott),
Dates associated with a name 1890-1974,
9 (RLIN) 28415
245 12 - TITLE STATEMENT
Title A treatise on physical chemistry,
Remainder of title a co-operative effort by a group of physical chemists,
Statement of responsibility, etc. edited by Hugh S. Taylor.
Number of part/section of a work Volume Two
250 ## - EDITION STATEMENT
Edition statement 2d ed.
260 ## - PUBLICATION, DISTRIBUTION, ETC. (IMPRINT)
Place of publication, distribution, etc. New York :Printing1952]
Name of publisher, distributor, etc. D. Van Nostrand company,
Date of publication, distribution, etc. 1931.[
300 ## - PHYSICAL DESCRIPTION
Pagination 2 v. 701 P. :
Illustrations illus. ;
Size 23 cm.
500 ## - GENERAL NOTE
General note Paged continuously.
650 #0 - SUBJECT ADDED ENTRY--TOPICAL TERM
Topical term or geographic name as entry element Chemistry, Physical and theoretical.
9 (RLIN) 31046
942 ## - ADDED ENTRY ELEMENTS (KOHA)
Source of classification or shelving scheme Dewey Decimal Classification
Koha item type Books
Holdings
Lost status Source of classification or shelving scheme Materials specified (bound volume or other part) Damaged status Not for loan Collection code Permanent Location Current Location Shelving location Date acquired Source of acquisition Cost, normal purchase price Total Checkouts Full call number Date last seen Copy number Koha item type
  Dewey Decimal Classification V-2     Non-fiction Central Library, University of Rajshahi Central Library, University of Rajshahi   16/01/1967 Book view ,Dacca. 72.50   541 TRE 1952 22/01/2014 C-6 Books